| 000 | 00455nam a2200181Ia 4500 | ||
|---|---|---|---|
| 005 | 20250603145816.0 | ||
| 008 | 250603s9999 xx 000 0 und d | ||
| 020 | _a9781032187655 | ||
| 050 | _aHE 5611 .S36 .T39/ | ||
| 100 | _aCooper, M James | ||
| 245 | 0 | _aTaxi, Limousine, and Transport Network Company Regulation | |
| 260 | _aNew York | ||
| 260 | _bRoutledge | ||
| 260 | _c2023 | ||
| 300 | _ax, 172p.: ill. | ||
| 650 | _aNew York | ||
| 942 | _cBK | ||
| 999 |
_c42919 _d42919 |
||